UBT Library

Thăng trầm quyền lực = (Record no. 44547)

000 -LEADER
fixed length control field 00696cam a2200229 a 4500
001 - CONTROL NUMBER
control field 4497422
005 - DATE AND TIME OF LATEST TRANSACTION
control field 20180309040012.0
008 - FIXED-LENGTH DATA ELEMENTS--GENERAL INFORMATION
fixed length control field 970603s1991 vm 000 0 vie
010 ## - LIBRARY OF CONGRESS CONTROL NUMBER
LC control number 97157353
040 ## - CATALOGING SOURCE
Original cataloging agency DLC
Transcribing agency DLC
Modifying agency DLC
041 1# - LANGUAGE CODE
Language code of text/sound track or separate title vie
080 ## - UNIVERSAL DECIMAL CLASSIFICATION NUMBER
Universal Decimal Classification number 321
082 ## - DEWEY DECIMAL CLASSIFICATION NUMBER
Edition number 321 TOF
100 1# - Rafti
Rafti 19
101 ## - Shkurtesa
Shkurtesa SHP
240 10 - UNIFORM TITLE
Uniform title <a href="Powershift.">Powershift.</a>
Language of a work Vietnamese
245 10 - TITLE STATEMENT
Title Thăng trầm quyền lực =
Statement of responsibility, etc Alvin Toffler ; [những người dịch, Khổng Đức, Tăng Hỷ].
246 31 - VARYING FORM OF TITLE
Title proper/short title Power shift
906 ## - LOCAL DATA ELEMENT F, LDF (RLIN)
a 7
b cbc
c orignew
d 3
e ncip
f 19
g y-gencatlg
942 ## - ADDED ENTRY ELEMENTS (KOHA)
Source of classification or shelving scheme
Item type Books
Holdings
Withdrawn status Lost status Source of classification or shelving scheme Damaged status Not for loan Collection code Permanent location Current location Shelving location Date acquired Total Checkouts Full call number Barcode Date last seen Price effective from Koha item type
          Koleksioni i përgjithshem UBT - Lipjan UBT - Lipjan Koleksioni i përgjithshem 03/09/2018   321 TOF 002-3001490 03/09/2018 03/09/2018 Books
UBT Library © 2015-2024. All rights reserved University Education for Business and Technology